Disney : Kikadi #1 - Statistiques

Statistiques générales
  • Ce quiz a été pris 23 fois
  • Le résultat moyen est 4 sur 10
Statistiques - réponses
Citations Réponses % Correct
Le danger ? Quel danger ? Je me ris du danger ! Hahaha ! Simba - Le roi lion
85%
Dix millénaires, ça vous flanque un de ces torticolis ! Le Génie - Aladdin
55%
Le passé c’est le passé darling, ça parasite le présent ! Edna Mode - Les indestructibles
50%
Je ne connais même pas de Samantha Olaf - La reine des neiges 2
50%
Tu crois que le soir elle se compte elle-même pour s’endormir ? Nick - Zootopie
35%
Ne me manque pas de respect mon petit, ce serait une erreur monumentale. Docteur Facilier - La princesse et la grenouille
30%
Tu fais des trucs de ouf Squizz ! Tape m’en une ! Teuté ! Cool… Crush - Le monde de Némo
25%
Un vainqueur, quarante-deux perdants. J’en fait qu’une bouchée à mon petit déjeuner des perdants. Flash McQueen - Cars
20%
Je sais ! Vous savez nous savons c’est d’accord j’ai compris le concept. Hadès - Hercule
10%
Je dois raccrocher ! Mon chien a trouvé la tronçonneuse ! Lilo - Lilo et Stitch
10%
Aucun quiz correspondant
Distribution des résultats
% des personnes avec chaque résultat
Percentile par nombre de réponses
Votre historique - résultats
Vous n’avez pas pris ce quiz